00616nam a2200109Ia 4500008004100000020001800041245015000059260002200209650022200231650001200453856004100465171212s9999 xx 000 0 und d a9781760460785 ceditor Lowe, David;Lee, David;Bridge, CarlaAustralia goes to Washingtonb75 years of Australian representation in the United States, 1940–2015 bANU E Pressc2016 aDiplomatic and consular service, Australian -- United States; Ambassadors -- Australia -- History; Diplomacy -- History; Australia -- Foreign relations -- United States; United States -- Foreign relations -- Australia aHistory uhttp://jstor.org/stable/j.ctt1q1crhz